El director de las almas, methodo para dirigirlas por el camino de la perfección christiana

Detalles Bibliográficos
Autor principal: PINAMONTI, Pedro Juan
Formato: Libro
Publicado: Gerona s.d.
Materias:
Colección:Banco de datos
Acervo:Biblioteca del Ex Convento de Nuestra Señora de Guadalupe. Zacatecas
Tema general:Pastoral
Notas:Buena. VII,1,21(1990). Ex libris manuscrito de Simón Jaime en la guarda, otro del noviciado del colegio de Guadalupe de Zacatecas
LEADER 00812nam a22001930004500
035 |a 40673 
036 |a 1857 
100 1 |a PINAMONTI, Pedro Juan 
245 1 0 |a El director de las almas, methodo para dirigirlas por el camino de la perfección christiana 
260 |a Gerona  |b imp. Narciso Oliva  |c s.d. 
500 |a Buena. VII,1,21(1990). Ex libris manuscrito de Simón Jaime en la guarda, otro del noviciado del colegio de Guadalupe de Zacatecas 
650 1 0 |a Pastoral 
949 |a CRZ-CG 
959 |a Ex convento de Nuestra Señora de Guadalupe, Museo Regional de Zacatecas, Zacatecas  |b CCC4 
960 |a Convento de Nuestra Señora de Guadalupe, Zacatecas  |b DD87 
961 |a Franciscana  |b OF 
942 |c CRZ-CG 
943 |g Biblioteca del Ex Convento de Nuestra Señora de Guadalupe. Zacatecas 
999 |c 964800  |d 964800